E16(横浜横須賀道路)のIC - Statistics

General Stats
  • This quiz has been taken 88 times
  • The average score is 13 of 19
Answer Stats
Answers % Correct
IC 横須賀
91%
PA 横須賀
91%
IC 逗子
82%
IC/JCT 狩場
77%
IC/JCT 狩場
77%
IC 衣笠
77%
JCT 釜利谷
74%
JCT 釜利谷
74%
IC 朝比奈
70%
IC 馬堀海岸
70%
IC 港南台
65%
IC 日野
64%
IC 浦賀
64%
IC 新保土ヶ谷
61%
IC 別所
56%
IC 並木
55%
IC 金沢自然公園
48%
IC 堀口能見台
48%
IC 佐原
44%
No matching quizzes found
Score Distribution
Percent of People with Each Score
Percentile by Number Answered
Your Score History
You have not taken this quiz